00309 a2200097 4500001001000000005001700010008004100027245005300068100002400121773006600145ART_4650820260410161648.0260409a 10aAspectos impositivos de las entidades deportivas1 aJanuszewski, Karina0 tConsultor tributariog- Año 12, N° 136 (jun. 2018)wREV474